| 000 | 01085cam a22002651i 4500 | ||
|---|---|---|---|
| 003 | SA-RiAUC | ||
| 005 | 20260510131206.0 | ||
| 008 | 260421s2026 ua g 000r0 ara c | ||
| 040 |
_aSA-JeALM _bara _cSA-RiAUC _erda |
||
| 050 | 4 | _b.H33 2026 | |
| 082 | 0 | 4 |
_a741.58 _qSA-RiAUC |
| 090 |
_a741.58 _bع ق ل |
||
| 100 | 1 |
_aعقلان، عبير بنت علي _eمؤلف. |
|
| 245 | 1 | 2 |
_aالرسوم المتحركة في ميزان الشريعة / _cعبير بنت علي عقلان، مراجعة مريم الحربي. |
| 250 |
_aالطبعة الثانية. _bمزيدة ومنقحة |
||
| 264 | 1 |
_aمكة المكرمة : _bالمكتبة الأسدية، _c2012 |
|
| 300 |
_a157 صفحة ؛ _c24 سم |
||
| 336 |
_aنص _btxt _2rdacontent _3كتاب |
||
| 337 |
_aبدون وسيط _bn _2rdamedia |
||
| 650 | 7 |
_aالرسوم المتحركة _xنقد _2aucsh |
|
| 650 | 7 |
_aالرسوم المتحركة _xالشريعة الاسلامية _2aucsh |
|
| 700 |
_aالحربي، مريم _eمراجع. |
||
| 942 |
_2ddc _cBOOK _n0 |
||
| 949 |
_aSA-JeALM _d260421 _uosman123 _n1 |
||
| 999 |
_c14890 _d14890 |
||